[Event "3rd HoliCup Lake City 2019"]
[Site "Udaipur"]
[Date "2019.03.30"]
[Round "6"]
[White "Muthaiah AL"]
[Black "Manigandan, S S"]
[Result "1/2-1/2"]
[WhiteElo "2426"]
[BlackElo "2157"]
[Annotator "TA"]
[PlyCount "145"]
[EventDate "2019.??.??"]
[EventCountry "IND"]
[SourceTitle "playchess.com"]
[Source "ChessBase"]
[SourceQuality "1"]

{[%evp 15,145,20,11,0,0,0,14,3,17,6,55,22,72,68,65,70,80,62,66,56,47,66,80,53,66,44,44,45,43,43,37,39,56,26,30,27,27,37,35,27,57,56,57,56,70,64,70,72,65,74,74,74,68,63,84,69,95,95,104,104,104,104,104,104,115,104,104,104,206,189,189,153,202,216,215,147,191,147,135,104,106,105,129,104,104,104,104,104,104,104,104,104,104,98,104,98,97,97,148,133,135,133,141,114,123,123,133,68,81,81,81,81,97,0,2,2,8,8,8,8,8,0,0,0,0,0,0,0,0,0,0,0]} 1. c4 Nf6 2. Nc3 e6 3. e4 {[%cal Be2e4,Be4e5][%mdl 32]} e5 4. Nf3 Nc6 5. d4 exd4 6. Nxd4 Bb4 {A18: English Opening: Flohr-Mikenas System (1 c4 Nf6 2 Nc3 e6 3 e4)} (6... Bc5 7. Nxc6 dxc6 8. Qxd8+ Kxd8 9. f3 Be6 10. Bf4 Nh5 11. O-O-O+ Ke7 12. Bxc7 Rac8 13. Be5 Rhd8 14. Rxd8 Rxd8 {1-0 (69) Gordievsky,D (2605)-Abdusattorov,N (2498) St Petersburg 2017}) 7. Nxc6 bxc6 8. e5 Ne4 {LiveBook: 4 Games} 9. Qd4 Nc5 $146 ({Predecessor:} 9... f5 10. exf6 Nxf6 11. Be2 O-O 12. O-O c5 13. Qh4 Bxc3 14. bxc3 {0-1 (45) Lucena,L (2161)-Shumyatsky,V (2352) Brazil 2010}) 10. Be2 O-O 11. O-O d6 12. exd6 cxd6 13. Be3 Bb7 14. Rad1 Ne6 15. Qd3 Qa5 16. a3 (16. Bd2 {is interesting.} d5 17. a3 Bxc3 18. Bxc3 Qb6 19. Rfe1) 16... Bxc3 $1 17. Qxc3 Qxc3 18. bxc3 d5 19. cxd5 cxd5 20. Bf3 Rfc8 21. Rb1 Ba6 22. Rfd1 Rxc3 23. Bxd5 Rd8 24. a4 Be2 25. Rd2 {[#] Strongly threatening Bxe6.} Bd3 26. Bxe6 $1 fxe6 27. Bxa7 Ra8 28. Bd4 Ra3 29. Rb4 {[#] Black must now prevent Bb2.} Bf5 30. f3 R3xa4 31. Rb7 Rd8 32. Rxg7+ Kf8 33. Bc5+ Kxg7 34. Rxd8 $16 {[%mdl 4096] Endgame KRB-KRB} h5 35. Rd7+ Kg6 36. Bd4 Ra2 37. h4 Rd2 38. Rg7+ Kh6 39. Bf6 Rd3 40. Kh2 Rd2 41. Kg3 Bd3 (41... Ra2 $16 42. Rg5 Bg6) 42. Rd7 $18 Kg6 43. Be5 Rd1 44. Kf4 Bc2 45. Rg7+ Kh6 46. Rc7 Bf5 47. Rb7 Rb1 48. Rd7 Rc1 49. Bg7+ Kg6 {And now ...e5+! would win.} 50. Ra7 Rc4+ 51. Kg3 Rb4 52. Be5 Rc4 53. Rg7+ Kh6 54. Rd7 Ra4 55. Bd4 Kg6 56. Rd8 Ra2 (56... Kf7 $142) 57. Kf4 {Hoping for g4.} Rd2 58. Rg8+ Kh7 59. Rh8+ Kg6 60. Rd8 Rd1 61. Ke5 (61. Rg8+ $16 Kh7 62. Rh8+ Kg6 63. Bc3) 61... Rd2 62. Rg8+ Kf7 63. Rg5 Ra2 64. g4 (64. Bg1 $16) 64... hxg4 {The position is equal.} 65. fxg4 Re2+ 66. Kd6 Re4 $1 {[%cal Re4d4]} 67. Rg7+ Kf8 68. gxf5 (68. Bf6 {feels hotter.} Bxg4 69. Ra7 Rb4 70. Bg7+ Kg8 71. Bc3) 68... Rxd4+ 69. Ke5 Kxg7 70. Kxd4 exf5 71. Ke5 Kg6 72. h5+ Kxh5 {( -> ...Kg4)} (72... Kg5 $5) 73. Kxf5 {Precision: White = 67%, Black = 48%.} 1/2-1/2

[Event "3rd HoliCup Lake City 2019"]
[Site "Udaipur"]
[Date "2019.03.30"]
[Round "6"]
[White "Rajesh, V A V"]
[Black "Dahale, Atul"]
[Result "1-0"]
[WhiteElo "2413"]
[BlackElo "2102"]
[Annotator "TA"]
[PlyCount "125"]
[EventDate "2019.??.??"]
[EventCountry "IND"]
[SourceTitle "playchess.com"]
[Source "ChessBase"]
[SourceQuality "1"]

{[%evp 23,125,37,37,35,60,37,30,14,42,2,0,0,25,-43,-54,-53,-54,-52,-2,-37,-28,-31,-11,-14,-11,-33,-16,-30,-8,0,27,-39,-20,-13,-8,-4,-8,-39,0,-2,0,0,9,6,26,29,122,125,168,141,134,140,128,100,152,166,143,107,157,100,183,183,202,38,58,38,334,334,333,322,2103,1452,1282,376,376,376,29962,29964,12700,10224,3595,1274,12498,12498,29970,29971,29970,29973,29974,29975,29976,29977,29977,29977,29977,29978,29978,29978,29978,29979,29984,29985,29985,29986]} 1. d4 Nf6 2. c4 g6 3. Nc3 Bg7 4. e4 d6 5. h3 O-O 6. Nf3 e5 7. d5 a5 8. Bg5 h6 9. Be3 Na6 10. g4 Nc5 11. Nd2 c6 12. Be2 Bd7 13. h4 {E90: King's Indian: Classical: Early deviations and 6 h3} Rb8 (13... cxd5 14. cxd5 Rc8 15. f3 h5 16. g5 Ne8 17. a4 f6 18. Nb3 fxg5 19. Nxc5 dxc5 20. Bxg5 Qb6 {½-½ (52) Gupta,A (2627)-Mamedov,R (2679) Khanty-Mansiysk 2011}) 14. a3 cxd5 15. exd5 $146 {White has an edge.} ({Predecessor:} 15. cxd5 b5 16. b4 axb4 17. axb4 Na4 18. Nxa4 bxa4 19. Rb1 Qc8 20. Rc1 Qb7 {0-1 (40) Quinn,J (2164)-Mordue,A (2302) Sunningdale 2008}) 15... a4 16. Bxc5 dxc5 17. Nxa4 e4 18. g5 (18. Nxc5 $11 e3 19. fxe3) 18... hxg5 $15 19. hxg5 Nh7 20. Nxc5 Nxg5 21. Ndxe4 Nxe4 22. Nxe4 Bxb2 {Strongly threatening ...Re8.} 23. Rb1 Bg7 24. Qb3 Re8 25. Ng3 $1 {[%cal Be4g3,Bg3e2,Be2d4][%mdl 32]} Qg5 {And now ...f5 would win.} 26. Kf1 $1 Bg4 27. Rd1 (27. Bxg4 $11 Qxg4 28. Qd3) 27... Bxe2+ 28. Nxe2 Qg4 29. Qd3 Rbc8 30. Rc1 {[%cal Bd1c1,Bc1c2,Bc2e2,Be2e8][%mdl 32]} Qg5 {[%mdl 1024] Black has compensation.} 31. Rc2 b6 32. Nd4 Qf6 33. Nc6 Qd6 {Hoping for ...Rxc6.} (33... Rxc6 $6 34. dxc6 Qxc6 35. Qd5 $16) 34. Rh3 Rc7 ({Much weaker is} 34... Rxc6 $6 35. dxc6 Qxc6 36. Re2 $16) (34... Bf6 $11) 35. Re2 $36 {[%mdl 2048] White has strong initiative.} Rec8 36. Qg3 Rxc6 37. dxc6 Qxc6 38. Qh4 Qxc4 (38... Bf6 $142 39. Qf4 (39. Qh7+ Kf8 $16) 39... Rd8) 39. Qxc4 $16 Rxc4 {[%mdl 4096] Endgame KRR-KRB} 40. Re8+ Bf8 41. Rb8 (41. Rf3 $142) 41... Rc6 {[#]} (41... Rf4 $16 42. Rc3 (42. Rxb6 Ra4 $18 {[%mdl 64] Decoy}) 42... Kg7 43. Rxb6 Ra4) 42. Rf3 $1 $18 Re6 {[#]} 43. Re3 $2 (43. a4 $1 $18) 43... Rxe3 $14 44. fxe3 {aiming for a4. KR-KB} Kg7 $2 {[%mdl 8192]} ({Black should try} 44... b5 $1 $14) 45. a4 $18 ({Weaker is} 45. Rxb6 Bxa3 46. Ke2 f6 $16) 45... Bc5 46. Ke2 f5 $2 (46... Kf6 47. Rc8 Ke6) 47. Rc8 Bb4 48. Rc6 $2 (48. Rc7+ Kh6 49. Rc6) 48... Ba5 49. Kf3 Kh6 $2 (49... g5 $18 50. e4 fxe4+ 51. Kxe4 Kf7) 50. Kf4 Kh5 51. Rc2 {[%cal Rc2h2]} Kh6 52. Ke5 (52. Rc7 $142 Bb4 53. Rc6) 52... Bb4 53. Kf6 {[%cal Rc2h2]} Kh5 54. Rh2+ {White mates.} Kg4 55. Kxg6 Bc5 56. Rf2 Bxe3 57. Rxf5 Bd4 58. Rf1 Kg3 59. Kf7 Kg2 60. Rf5 Bf2 61. Ke6 Kf1 62. Kd5 Ke2 {[#]} 63. Rxf2+ $1 {[%mdl 512] Accuracy: White = 53%, Black = 20%.} 1-0

[Event "3rd HoliCup Lake City 2019"]
[Site "Udaipur"]
[Date "2019.03.30"]
[Round "6"]
[White "Palit, Somak"]
[Black "Nanda, Kumar T.S."]
[Result "1-0"]
[WhiteElo "2330"]
[BlackElo "1846"]
[Annotator "NA"]
[PlyCount "61"]
[EventDate "2019.??.??"]
[EventCountry "IND"]
[SourceTitle "playchess.com"]
[Source "ChessBase"]
[SourceQuality "1"]
[TimeControl "5400+30"]

1. e4 e6 2. Qe2 c5 3. g3 Nc6 4. Bg2 Be7 5. Nf3 {LiveBook: 52 Games} Nf6 6. c3 {C00: French: Unusual White 2nd moves} O-O 7. O-O d5 8. e5 Nd7 9. d3 (9. d4 a5 10. Rd1 a4 11. h4 b5 12. Ng5 b4 13. a3 bxc3 14. bxc3 {1-0 (47) Kobalia,M (2620)-Morozevich,A (2656) Tula 2019}) 9... b5 10. Re1 b4 11. c4 Nb6 12. h4 a5 13. Bf4 Qc7 $146 ({Predecessor:} 13... Ba6 14. b3 Qd7 15. Nbd2 a4 {1-0 (28) Schneider,C (2116)-Mueller,D (1934) Willingen 2009}) 14. Nbd2 Ba6 15. Rac1 Rad8 16. Nf1 dxc4 17. dxc4 Nd4 18. Nxd4 cxd4 19. Nd2 Na4 20. Ne4 $11 Kh8 21. Qh5 Bb7 22. Nf6 gxf6 23. exf6 Bd6 24. Bxd6 Qxd6 25. Bxb7 Nc5 26. Re5 Nxb7 27. Qh6 Rg8 28. Qh5 Rgf8 29. Ree1 Qc7 30. Qh6 Rg8 31. Re5 1-0

[Event "3rd HoliCup Lake City 2019"]
[Site "Udaipur"]
[Date "2019.03.30"]
[Round "6"]
[White "Lokesh, N.."]
[Black "Harikrishnan.A.Ra"]
[Result "*"]
[WhiteElo "2157"]
[BlackElo "2413"]
[Annotator "TA"]
[PlyCount "47"]
[EventDate "2019.??.??"]
[EventCountry "IND"]
[SourceTitle "playchess.com"]
[Source "ChessBase"]
[SourceQuality "1"]

{[%evp 9,47,-9,0,0,8,16,13,0,9,0,0,0,0,-1,55,57,52,68,72,74,75,48,82,27,30,16,24,25,16,-396,12,12,20,7,9,8,14,-1509,-6,-1761]} 1. e4 e6 2. d4 d5 3. Bd3 dxe4 4. Bxe4 Nf6 5. Bf3 Nbd7 $146 (5... c5 6. Ne2 Nc6 7. Be3 cxd4 8. Nxd4 Ne5 9. Nc3 a6 10. Qe2 Nxf3+ 11. Qxf3 e5 12. Nb3 Bb4 13. Bg5 h6 14. Rd1 {½-½ (31) Andriasian,Z (2604)-Martirosyan,H (2607) Yerevan 2019}) 6. Ne2 {C01: French: Exchange Variation} e5 {[#] aiming for ...e4.} 7. Nbc3 Bd6 8. O-O O-O 9. Ng3 exd4 10. Qxd4 Ne5 11. Be2 Neg4 (11... h6 $11) 12. Bf4 $14 Bxf4 13. Qxf4 Qe7 14. Rfe1 Qe5 15. Qxe5 Nxe5 16. Bf1 (16. Rad1 $16) 16... Ng6 $11 17. Nb5 Bd7 18. Rad1 Bxb5 19. Be2 $2 {[%mdl 8192] [#]} (19. Bxb5 $11 {and White stays safe.} a6 20. Bd3) 19... Bc4 $2 (19... Bc6 $19 {Hoping for ...Nf4.} 20. Nf5 Rae8) 20. Bxc4 Rfd8 21. Bb5 Kf8 22. Nf5 Rxd1 23. f3 $2 {[%mdl 8192]} (23. Rxd1 $11 Nf4 24. g3) 23... Rc1 $2 (23... Rxe1+ $19 24. Kf2 Rc1) 24. Rd1 $2 {[%mdl 8192] Accuracy: White = 42%, Black = 47%.} (24. Rxc1 $11 a6 25. Bf1) *

[Event "3rd HoliCup Lake City 2019"]
[Site "Udaipur"]
[Date "2019.03.30"]
[Round "6"]
[White "Matta, Vinay Kumar"]
[Black "Govind Prabhu Mah"]
[Result "1-0"]
[WhiteElo "2146"]
[BlackElo "1558"]
[Annotator "NA"]
[PlyCount "41"]
[EventDate "2019.??.??"]
[EventCountry "IND"]
[SourceTitle "playchess.com"]
[Source "ChessBase"]
[SourceQuality "1"]
[TimeControl "5400+30"]

1. e4 e6 2. Nc3 d5 3. Nf3 dxe4 4. Nxe4 c5 5. d4 cxd4 6. Qxd4 Qxd4 7. Nxd4 a6 8. Bf4 f6 9. Nd6+ Bxd6 10. Bxd6 e5 11. Nb3 Nc6 12. O-O-O Bd7 (12... Bf5 $142) 13. Nc5 Bc8 14. Bc4 Nge7 15. Rhe1 Nf5 16. Bc7 g5 17. Bb6 Ke7 18. Ne4 Be6 $18 (18... Kf8 19. Nxf6 Kg7) 19. Bc5+ Kf7 20. Rd7+ Nce7 21. g4 1-0

[Event "3rd HoliCup Lake City 2019"]
[Site "Udaipur"]
[Date "2019.03.30"]
[Round "6"]
[White "Dutta, Joydeep"]
[Black "Raj D Vyas"]
[Result "1-0"]
[WhiteElo "2097"]
[BlackElo "1698"]
[Annotator "NA"]
[PlyCount "89"]
[EventDate "2019.??.??"]
[EventCountry "IND"]
[SourceTitle "playchess.com"]
[Source "ChessBase"]
[SourceQuality "1"]
[TimeControl "5400+30"]

1. d4 d5 2. c4 e6 3. Nf3 Nf6 4. g3 c6 5. Bg2 Bd6 6. Nbd2 Nbd7 7. O-O O-O 8. Qc2 e5 9. cxd5 cxd5 10. dxe5 Nxe5 {LiveBook: 39 Games} 11. Nxe5 Bxe5 12. Nf3 Bd6 13. Bg5 {E01: Catalan: Early deviations} (13. Rd1 h6 14. Be3 Re8 15. Rac1 Rxe3 16. fxe3 Qe7 17. Qb3 Bg4 18. Nd4 Re8 19. Bf3 Bh3 20. Rd3 Qe5 {1-0 (47) Reinderman,D (2584)-Spoelman,W (2583) Amsterdam 2015}) 13... Be6 14. Nd4 Rc8 $146 ({Predecessor:} 14... h6 15. Bxf6 Qxf6 16. e3 Rfd8 17. Rfd1 Rd7 18. Qb3 Rad8 19. Rac1 Be5 20. a4 Bg4 {½-½ (81) Hinrichs,J (2095)-Wagner,R (1798) Osnabrueck 2013}) 15. Qb3 Qb6 16. Qxb6 axb6 17. Rac1 (17. Bxf6 $16 gxf6 18. Rad1) 17... Be5 18. Be3 Nd7 (18... Bd7 $14) 19. f4 Bxd4 20. Bxd4 f5 21. Rfd1 Rfd8 22. Rc3 Rxc3 23. Bxc3 Nc5 24. Bd4 Ne4 25. Rc1 Rc8 26. Rxc8+ Bxc8 27. Bxb6 Kf7 28. Kf1 Ke6 29. Ke1 Bd7 30. Bf3 g6 31. Kd1 Kd6 32. Kc2 Bb5 33. b3 Kc6 34. Bd4 Ba6 35. g4 b5 36. gxf5 gxf5 37. a3 Bc8 38. Bh5 Bd7 39. Bf7 Kd6 40. Be5+ Kc5 41. b4+ $18 Kc6 42. Kd3 Nd6 43. Bg8 h6 44. Kd4 Nc4 45. Bxd5+ {Kxd5} 1-0

[Event "3rd HoliCup Lake City 2019"]
[Site "Udaipur"]
[Date "2019.03.30"]
[Round "6"]
[White "Sudhanshu Ranjan"]
[Black "Gulhariya B K"]
[Result "1-0"]
[WhiteElo "2056"]
[BlackElo "1691"]
[Annotator "NA"]
[PlyCount "107"]
[EventDate "2019.??.??"]
[EventCountry "IND"]
[SourceTitle "playchess.com"]
[Source "ChessBase"]
[SourceQuality "1"]
[TimeControl "5400+30"]

1. d4 Nf6 2. c4 g6 3. Nc3 Bg7 4. e4 c5 5. d5 d6 6. Bd3 Nbd7 7. Nf3 Ng4 8. Bd2 Nge5 9. Nxe5 Nxe5 10. Be2 f5 11. O-O O-O 12. f4 Nf7 13. Qc2 $11 b6 14. Rae1 fxe4 15. Nxe4 Bf5 16. Bd3 Qd7 17. Bc3 Bh6 18. Ng3 Bxd3 19. Qxd3 Rae8 20. f5 g5 21. Nh5 Nd8 22. g4 Rf7 23. Qd2 Ref8 24. h4 e5 25. dxe6 Nxe6 26. Rxe6 Qxe6 27. hxg5 Qxc4 28. gxh6 Qxg4+ 29. Qg2 Qxg2+ 30. Kxg2 Rxf5 31. Nf6+ R8xf6 32. Bxf6 Rxf1 33. Kxf1 Kf7 34. Bg5 b5 35. Ke2 Ke6 36. Bd8 d5 37. Kd3 Kd6 38. a3 Kd7 39. Ba5 Ke6 40. b4 c4+ 41. Kd4 Kf5 42. Bc7 Kg5 43. Be5 Kxh6 44. Kxd5 Kg5 45. a4 bxa4 46. Kxc4 Kf5 47. Bb8 a6 48. Kc3 Ke4 49. Kb2 Kd3 50. Ka3 Kc4 51. Kxa4 h5 52. Bg3 Kd5 53. Ka5 Kc4 54. Be1 1-0

[Event "3rd HoliCup Lake City 2019"]
[Site "Udaipur"]
[Date "2019.03.30"]
[Round "6"]
[White "Anadkat Kartavya"]
[Black "Das, Sayantan"]
[Result "0-1"]
[WhiteElo "1998"]
[BlackElo "2435"]
[Annotator "TA"]
[PlyCount "114"]
[EventDate "2019.??.??"]
[EventCountry "IND"]
[SourceTitle "playchess.com"]
[Source "ChessBase"]
[SourceQuality "1"]

{[%evp 13,114,35,27,38,44,25,31,10,7,7,6,4,24,25,20,22,29,10,0,-14,-25,-29,-27,-53,-53,-50,-50,-50,-39,-41,-25,-36,-37,-35,-33,-55,-41,-37,-29,-69,-55,-94,-56,-55,-41,-58,-52,-55,-48,-64,-52,-86,-82,-85,-82,-119,-116,-180,-89,-113,-113,-101,-99,-92,-61,-141,-141,-172,-107,-128,-131,-150,0,0,0,-6179,-1714,-5073,-1075,-1573,-1485,-1296,-1047,-1014,-1001,-872,-827,-29984,-29985,-29985,-29986,-29990,-29991,-29991,-29990,-29992,-29993,-29993,-29994,-29997,-29998,-29998,-29999]} 1. e4 e5 2. Nf3 Nc6 3. Bc4 Nf6 4. d3 Be7 5. O-O O-O 6. Re1 d6 7. a4 Na5 8. Ba2 {C55: Two Knights: 4 d3, 4 d4 exd4 5 e5 and Max Lange Attack} c5 9. Nc3 (9. c3 Nc6 10. Na3 a6 11. Bd2 Rb8 12. Nc2 Be6 13. Bxe6 fxe6 14. b4 b5 15. Qe2 Qd7 {½-½ (54) Duda,J (2707)-Naiditsch,A (2710) Linares 2017}) 9... Be6 10. Nd5 {White is slightly better.} Nxd5 11. Bxd5 Bxd5 12. exd5 f5 $146 ({Predecessor:} 12... b6 13. Bd2 Nb7 14. a5 Qc7 15. a6 Nd8 {0-1 (40) Koepke,C (2370)-Karpatchev,A (2483) Bad Woerishofen 2010}) 13. Bd2 Bf6 14. Bc3 a6 15. Qd2 b6 16. Bxa5 bxa5 17. Qe2 Bg5 18. Rf1 Bh6 19. Nd2 Bxd2 $1 20. Qxd2 Qb6 21. b3 Qb4 22. Qe3 Qc3 23. Rac1 Rab8 24. Rfe1 Rb4 25. Re2 h6 26. Rce1 g5 27. Kf1 Rb7 28. Qc1 Rg7 29. Re3 Qb4 30. Rh3 Rf6 31. Rhe3 g4 32. Qd1 h5 33. Kg1 h4 34. Rf1 Qd4 35. Qe2 {[#]} (35. c4 $17) 35... g3 (35... Rfg6 $1 $19 36. Kh1 Qxd5) 36. h3 Rfg6 ({But not} 36... Qxd5 $6 37. f4 $11) 37. Kh1 {And now f4! would win.} gxf2 ({Not} 37... Qxd5 38. f4 $16) 38. Rxf2 Qxd5 39. Ref3 (39. Qh5 $1 $15) 39... f4 $36 {[%mdl 2048] White is under strong pressure.} 40. Qe4 Qf7 (40... Qxe4 $19 41. dxe4 Kf8) 41. Qa8+ Kh7 42. Qxa6 Qg8 (42... Qb7 $17 43. Qxb7 Rxb7) 43. Qxa5 $11 Rxg2 44. Qd2 $2 {[%mdl 8192]} (44. Rxg2 $11 Rxg2 45. Qe1) 44... Rg1+ $19 45. Kh2 R7g3 (45... R1g3 $142 46. Qe1 Qe6) 46. Qe2 Rc1 {( -> ...Rxf3)} 47. Rg2 Qd5 48. Rgxg3 hxg3+ {[%mdl 4096] Endgame KQR-KQR} 49. Kg2 Kh6 50. h4 Kh5 {Black mates.} 51. c4 Qb7 52. a5 Kg4 53. a6 Qa8 54. a7 Ra1 55. d4 {[#]} Ra2 $1 {[%mdl 576] Deflection} 56. Qxa2 Qxf3+ 57. Kg1 Qd1+ {[%mdl 64] Double Attack. Accuracy: White = 43%, Black = 66%.} 0-1

[Event "3rd HoliCup Lake City 2019"]
[Site "Udaipur"]
[Date "2019.03.30"]
[Round "6"]
[White "Arun Rathi"]
[Black "Sauravh, Khherdekar"]
[Result "0-1"]
[WhiteElo "1939"]
[BlackElo "2272"]
[Annotator "NA"]
[PlyCount "134"]
[EventDate "2019.??.??"]
[EventCountry "IND"]
[SourceTitle "playchess.com"]
[Source "ChessBase"]
[SourceQuality "1"]
[TimeControl "5400+30"]

1. Nf3 f5 2. g3 Nf6 3. Bg2 e6 4. O-O d5 5. d4 Bd6 6. c4 c6 7. b3 Qe7 8. Bb2 O-O 9. Nbd2 b6 10. e3 Bb7 11. Rc1 Nbd7 12. Ne5 {A90: Dutch Defence: Miscellaneous and Modern Stonewall (with ...Bd6)} Rac8 {LiveBook: 4 Games} 13. Qe2 Ne4 (13... Rfd8 14. Rfd1 a5 15. Ndf3 Ne4 16. Nxd7 Rxd7 17. cxd5 exd5 18. Ne5 Bxe5 19. dxe5 {½-½ (29) Heimann,A (2573)-Relange,E (2464) Chartres 2017}) 14. Ndf3 Bxe5 $146 ({Predecessor:} 14... Rfd8 15. Nd3 c5 16. cxd5 exd5 17. dxc5 bxc5 18. Nh4 g6 19. Ba1 Nef6 20. Rfd1 Qf7 21. Nf4 Be5 {½-½ (21) Skomorokhin,R (2378)-Ivanov,O (2467) Vladimir 2008}) 15. Nxe5 Nxe5 16. dxe5 dxc4 17. f3 Ng5 18. Qxc4 c5 19. Qe2 Rfd8 20. Rfd1 Bc6 21. Rxd8+ Rxd8 22. Rd1 Nf7 23. Kf2 h6 24. Rd2 Rxd2 25. Qxd2 Qc7 26. b4 cxb4 27. Qxb4 Bd5 28. Qa4 Nxe5 29. Bxe5 Qxe5 30. Qc2 {[#]} Qa1 $1 31. a4 Qa2 32. Qxa2 Bxa2 33. Bf1 Kf7 34. Ke1 Bd5 35. f4 {[#]} Bc6 $1 36. a5 bxa5 37. Kd2 Ke7 38. Kc3 Kd6 39. Kc4 e5 40. Bd3 exf4 $19 41. exf4 Bd7 42. Be2 a4 43. Bf3 a5 44. h3 Be6+ 45. Kc3 a3 46. g4 fxg4 47. hxg4 Kc5 48. g5 hxg5 49. fxg5 Kd6 50. Be4 Ke5 51. Bd3 Kf4 52. g6 Kg5 53. Bc2 Kf6 54. Bd3 Bf5 55. Be2 a2 56. Kb2 Bb1 57. Bf3 Kxg6 58. Be2 Kg5 59. Bc4 Kf4 60. Bf7 g5 61. Bh5 Be4 62. Kxa2 Bf3 63. Bf7 g4 64. Bc4 g3 65. Bf1 Ke3 66. Ka3 Kf2 67. Bh3 Bg4 0-1

[Event "3rd HoliCup Lake City 2019"]
[Site "Udaipur"]
[Date "2019.03.30"]
[Round "6"]
[White "Suvankar Maity"]
[Black "Dhruv Dak"]
[Result "1-0"]
[WhiteElo "1911"]
[BlackElo "1684"]
[Annotator "NA"]
[PlyCount "149"]
[EventDate "2019.??.??"]
[EventCountry "IND"]
[SourceTitle "playchess.com"]
[Source "ChessBase"]
[SourceQuality "1"]
[TimeControl "5400+30"]

1. e4 c5 2. Ne2 e6 3. Nbc3 Nc6 4. g3 Nf6 5. Bg2 Be7 6. O-O O-O 7. d4 cxd4 8. Nxd4 {LiveBook: 40 Games} a6 9. a3 Qc7 10. Be3 Re8 $146 {B48: Sicilian: Taimanov: 5 Nc3 Qc7 6 Be3 a6 without Be2} ({Predecessor:} 10... d6 11. f4 Bd7 12. Qe2 Rfe8 13. Rad1 Bf8 14. Nb3 Rad8 15. g4 Bc8 16. g5 Nd7 17. Qf2 Na5 18. Nxa5 Qxa5 {½-½ (41) Saldano,G (1971)-Fell,S (2301) Caba 2018}) 11. Nb3 d6 12. f4 Bd7 ({Black should play} 12... b5 $11) 13. g4 g6 14. h3 h5 15. g5 Nh7 16. h4 Na5 17. Nxa5 Qxa5 18. Qe2 Rac8 19. Qf2 d5 20. Rfd1 Bc5 21. Bxc5 Qxc5 22. Qxc5 Rxc5 23. exd5 exd5 24. Rxd5 Rc7 25. Rad1 Nf8 26. Ne4 Kg7 27. Nf6 Re7 28. Rd6 Bg4 $18 29. R1d2 Re1+ 30. Kf2 Rce7 31. Bf1 Rb1 32. Nd5 Re8 33. Rb6 Ree1 34. Ne3 Rxe3 35. Kxe3 Rxf1 36. Rxb7 Rf3+ 37. Ke4 Ne6 38. Ra7 Rxf4+ 39. Ke5 Rf5+ 40. Kd6 Nc5 41. Rd4 Bf3 42. b4 Ne4+ 43. Kc7 Nc3 44. a4 Be2 45. Kd8 Nxa4 46. c4 Nb6 47. c5 Nd5 48. c6 Nf4 49. c7 Ne6+ 50. Ke7 Nxc7 51. Rxc7 Re5+ 52. Kd6 Re6+ 53. Kc5 Bb5 54. Rf4 Be8 55. Rb7 Kf8 56. Rb6 Ke7 57. Rxe6+ Kxe6 58. Rf6+ Ke5 59. Kb6 Bb5 60. Rxf7 Bd3 61. Kc5 Bf5 62. Kb6 Bd3 63. Rf3 Bb5 64. Rf6 Bd3 65. Ka5 Bf5 66. Kxa6 Kf4 67. b5 Kg4 68. b6 Be4 69. b7 Bxb7+ 70. Kxb7 Kxh4 71. Rxg6 Kg4 72. Rg8 Kf5 73. g6 Kf6 74. g7 Kg6 75. Rh8 1-0

[Event "3rd HoliCup Lake City 2019"]
[Site "Udaipur"]
[Date "2019.03.30"]
[Round "6"]
[White "Awadh Chaitanya"]
[Black "Wazeer Ahmad, Khan"]
[Result "1-0"]
[WhiteElo "1882"]
[BlackElo "1671"]
[Annotator "NA"]
[PlyCount "63"]
[EventDate "2019.??.??"]
[EventCountry "IND"]
[SourceTitle "playchess.com"]
[Source "ChessBase"]
[SourceQuality "1"]
[TimeControl "5400+30"]

1. e4 e6 2. d4 d5 3. Nc3 Ne7 4. Nf3 c6 (4... Nbc6 5. e5 b6 6. a3 Bb7 7. Bd3 Qd7 8. Qe2 Nf5 9. Be3 Be7 10. O-O-O O-O-O 11. Bb5 Kb8 12. Bf4 Rdg8 13. h4 Nxh4 14. Nxh4 {0-1 (75) Videnova,I (2336)-Repkova,E (2288) Biograd 2018}) 5. Bd3 Nd7 6. O-O {C10: French with 3 Nc3: Unusual Black 3rd moves and 3...dxe4} g6 $146 ({Predecessor:} 6... Ng6 7. Re1 Be7 8. exd5 cxd5 9. Qe2 Nf6 10. h3 a6 11. a4 O-O 12. Ne5 {1-0 (34) Bejta,A-Sopjani,E Pristina 2017}) 7. Re1 dxe4 (7... Bg7 $16) 8. Nxe4 Nd5 9. Bg5 Be7 10. Nd6+ Kf8 11. Bh6+ Kg8 12. Ne4 N5f6 13. Qe2 Nxe4 14. Qxe4 Nf6 15. Qe2 Ng4 16. Bd2 h5 17. h3 Nf6 18. c4 a6 19. Rad1 b5 20. Ne5 Qe8 21. b3 Bd7 $18 22. Bc3 Rh7 23. Bb1 b4 24. Bb2 a5 25. d5 cxd5 26. cxd5 Bb5 27. Qf3 Nxd5 28. Nxg6 fxg6 29. Rxe6 Qf7 30. Qxd5 Ra6 31. Rxa6 Qxd5 32. Rxg6+ 1-0

[Event "3rd HoliCup Lake City 2019"]
[Site "Udaipur"]
[Date "2019.03.30"]
[Round "6"]
[White "Rathore, Sonakshi"]
[Black "Vikramaditya Mukhija"]
[Result "0-1"]
[WhiteElo "1879"]
[BlackElo "1627"]
[Annotator "NA"]
[PlyCount "33"]
[EventDate "2019.??.??"]
[EventCountry "IND"]
[SourceTitle "playchess.com"]
[Source "ChessBase"]
[SourceQuality "1"]
[TimeControl "5400+30"]

{[%evp 14,35,0,32767,32767,-25,0,2,0,-4,2,0,0,7,4,21,35,7,88,100,32767,65,70,34]} 1. e4 d6 2. d4 g6 3. Nc3 Nf6 4. Nf3 Bg7 5. Bd3 c6 6. O-O a5 7. Qe2 O-O 8. e5 Ng4 9. Bf4 dxe5 10. dxe5 Nd7 11. e6 Nde5 12. exf7+ Rxf7 13. Ng5 Rf8 14. Bc4+ Kh8 15. h3 Nh6 16. Bb3 Nf5 17. Rad1 0-1

[Event "3rd HoliCup Lake City 2019"]
[Site "Udaipur"]
[Date "2019.03.30"]
[Round "6"]
[White "Ayush Jha"]
[Black "Mokashi Rohit"]
[Result "1-0"]
[WhiteElo "1861"]
[BlackElo "1615"]
[Annotator "NA"]
[PlyCount "63"]
[EventDate "2019.??.??"]
[EventCountry "IND"]
[SourceTitle "playchess.com"]
[Source "ChessBase"]
[SourceQuality "1"]
[TimeControl "5400+30"]

1. c4 c6 2. e4 d5 3. exd5 cxd5 4. cxd5 Nf6 5. d4 Nxd5 6. Nc3 Nc6 7. Nf3 e6 {LiveBook: 373 Games} 8. Bc4 Be7 9. O-O O-O 10. Be3 {D41: Queen's Gambit Declined: Semi-Tarrasch with 5 cxd5} (10. Re1 Bf6 11. Ne4 b6 12. Nxf6+ Nxf6 13. Bg5 Bb7 14. Rc1 Rc8 15. Rc3 Ne7 16. Bb3 Ned5 17. Rxc8 Qxc8 18. Ne5 Qc7 19. h4 h6 {½-½ (41) Tomashevsky,E (2716)-Howell,D (2644) Doha 2016}) 10... a6 11. Rc1 Bf6 $146 ({Predecessor:} 11... Ncb4 12. Ne5 f6 13. Nd3 Kh8 14. Nf4 Nxf4 15. Bxf4 b5 16. Bb3 e5 17. dxe5 Nd3 {1-0 (36) Hakiki,K (2189)-Garnelis,J (2188) Vung Tau 2008}) 12. Ne4 Nce7 13. Nxf6+ Nxf6 14. Bg5 b5 15. Bd3 Ned5 (15... Bb7 $11) 16. Ne5 $14 Bb7 17. Be4 Re8 18. Ng4 Nc3 19. Rxc3 Bxe4 20. Re3 Bd5 $2 (20... Bf5 $16) 21. Bxf6 gxf6 22. Nh6+ Kf8 23. Qh5 Ke7 24. Nf5+ Kd7 25. Qxf7+ Kc6 26. Rc3+ Kb6 27. Ne3 Bxa2 28. Rfc1 Re7 29. Qxf6 Rd7 30. Qe5 Rxd4 31. Rc6+ Ka5 32. Ra1 1-0